000 01620cam a22003735i 4500
001 3614726
003 EG-ScBUE
005 20250323091953.0
008 731128t1974 nyua f 001 0 eng d
020 _a0070602190
020 _a9780070602199
040 _aEG-ScBUE
_beng
_erda
_cEG-ScBUE
_dEG-ScBUE
082 0 4 _a515.2433076
_bSPI
_222
100 1 _aSpiegel, Murray R.,
_92617
_eauthor.
245 1 0 _aSchaum’s outline of theory and problems of fourier analysis :
_bwith applications to boundary value problems /
_cby Murray R. Spiegel, Ph.D., former professor and chairman, Mathematics Department, Rensselaer Polytechnic Institute, Harvard Graduate Center.
246 3 0 _aTheory and problems of fourier analysis :
_bwith applications to boundary value problems
246 3 0 _aTheory and problems of fourier analysis
264 1 _aNew York :
_bMcGraw-Hill,
_c[1974]
264 4 _cc1974
300 _a191 pages :
_billustrations ;
_c28 cm.
336 _2rdacontent
_atext
_btxt
337 _aunmediated
_2rdamedia
_bn
338 _avolume
_bnc
_2rdacarrier
490 0 _aSchaum’s outline series
500 _aIncludes index.
500 _aIncludes appendix.
650 7 _aFourier analysis.
_2BUEsh
_941292
650 7 _aBoundary value problems.
_2BUEsh
_918377
655 _vReading book
856 4 2 _3Publisher description
_uhttp://www.loc.gov/catdir/description/mh022/73021520.html
856 4 1 _3Table of contents
_uhttp://www.loc.gov/catdir/toc/mh021/73021520.html
856 4 2 _3Contributor biographical information
_uhttp://www.loc.gov/catdir/enhancements/fy1012/73021520-b.html
942 _2ddc
_cBB
999 _c22435
_d22407